banner-ar

المنطق الرقمى : (Record no. 61695)

MARC details
000 -الفاتح
حقل البيانات ثابتة الطول 01163nam a22002417a 4500
005 - وقت وتاريخ اخر تعامل مع التسجيلة
رقم الضبط 20240530110512.0
008 - عناصر البيانات ثابتة الطول - معلومات عامة
حقل البيانات ثابتة الطول 151208s2013 jo adk g b 000 0 ara d
017 ## - رقم الايداع القانونى
رقم الايداع القانونى 2011/12/4389
المصدر ( الهيئة المختصة) المملكة الاردنية الهاشمية . المكتبة الوطنية
020 ## - الرقم الدولى المعيارى للكتب
الرقم الدولى المعيارى للكتاب 9789957831363
040 ## - مصدر الفهرسة
وكالة الفهرسة الأصلية EG-CaGPL
082 04 - رقم تصنيف ديوى العشرى
رقم الطبعة 21
رقم التصنيف 513.5\
رقم المادة ز م
100 0# - المدخل الرئيسى - إسم شخصى
الإسم الشخصى زياد عبدالكريم القاضى
245 12 - بيان العنوان
العنوان المنطق الرقمى :
بقية العنوان الاساسيات الرقمية تصميم الدارات التجميعية و الدارات التتابعية = Didital Logic : Digital Fundamentals Combinational & Sequential Ciruits Design /
بيان المسئوليه,etc تاليف زياد عبدالكريم القاضى
250 ## - بيان الطبعة
بيان الطبعة ط1
260 ## - PUBLICATION, DISTRIBUTION, ETC. (IMPRINT)
تاريخ النشر أو التوزيع 2013 .
300 ## - الوصف المادى
التعداد 317 ص :
تفاصيل ماديه اخرى للوعاء ايض ؛
أبعاد الوعاء 24 سم .
504 ## - تبصرة ببليوجرافية
تبصرة ببليوجرافية,الخ يشتمل على ارجاعات ببليوجرافية
650 04 - المدخل الاضافى بالموضوع-مصطلح موضوعى
مصطلح موضوعي الارقام
650 04 - المدخل الاضافى بالموضوع-مصطلح موضوعى
مصطلح موضوعي الدارات التجميعية
650 04 - المدخل الاضافى بالموضوع-مصطلح موضوعى
مصطلح موضوعي الدارات التتابعية
942 ## - عناصر المدخل الإضافي( كوها)
مصدر التصنيف او مخطط الترفيف Dewey Decimal Classification
Koha [default] item type كتاب
260 ## - PUBLICATION, DISTRIBUTION, ETC. (IMPRINT)
-- عمان ( الاردن ) :
-- مكتبة المجتمع العربى للنشر و التوزيع ،
Holdings
حالة التراجع حالة الفقد حالة تلف ليس للاعارة المكان المؤقت الموقع الحالى تاريخ الاكتساب اجمالي اﻻعارات رقم الطلب الباركود تاريخ اخر مشاهدة تاريخ تفعيل السعر نوع وعاء كوها
        مكتبة القاهرة الكبرى مكتبة القاهرة الكبرى 12/08/2015   513.5\ ز م 161046 12/08/2015 12/08/2015 كتاب

Powered By

EGPV